| 000 | 00394 a2200109 4500 | ||
|---|---|---|---|
| 001 | ART_55651 | ||
| 005 | 20260410161957.0 | ||
| 008 | 260409a | ||
| 245 | 1 | 0 | _aEl tratamiento concursal frente a los cheques de pago diferido conforme el art. 54 de la ley de cheques. |
| 100 | 1 | _aDasso, Ariel G. | |
| 773 | 0 |
_tTemas de derecho comercial _g- Año 8, N° 4 (abr. 2022) _wREV28151 |
|
| 999 |
_c30919 _d30919 |
||